Kulasekhara Alwar's Sri Mukundamala: (Record no. 208082)

MARC details
000 -LEADER
fixed length control field 00721nam a22002057a 4500
005 - DATE AND TIME OF LATEST TRANSACTION
control field 20250106153341.0
010 ## - LCCN (DPL NO)
LC control number ENG-143157
020 ## - INTERNATIONAL STANDARD BOOK NUMBER
Terms of availability 650.00
International Standard Book Number 9788184621853
035 ## - SYSTEM CONTROL NUMBER
System control number EN-126689
037 ## - SOURCE OF ACQUISITION
Source of stock number/acquisition DBAD
082 ## - DEWEY DECIMAL CLASSIFICATION NUMBER
Classification number 921
100 ## - MAIN ENTRY--PERSONAL NAME
Personal name Chandrika
245 ## - TITLE STATEMENT
Title Kulasekhara Alwar's Sri Mukundamala:
Remainder of title A Garland of Devotional offerings/
Statement of responsibility, etc By Chandrika
250 ## - EDITION STATEMENT
Edition statement First
260 ## - PUBLICATION, DISTRIBUTION, ETC. (IMPRINT)
Place of publication, distribution, etc Prabhadevi, Mumbai
Name of publisher, distributor, etc Arun K. Mehta for Vakils, Feffer and Simons Pvt. Ltd.
Date of publication, distribution, etc 2021
270 ## - ADDRESS
Address Industry Manor, Appasaheb Marathe Marg Prabhadevi,
City Mumbai
Postal code 400025
Electronic mail address info@vakilspublications.com
Telephone number 24300609
-- 00912224306780
300 ## - PHYSICAL DESCRIPTION
Extent 346p.
Dimensions 24cm(hb)
700 ## - ADDED ENTRY--PERSONAL NAME
9 (RLIN) 75806
942 ## - ADDED ENTRY ELEMENTS (KOHA)
Source of classification or shelving scheme Dewey Decimal Classification
Item type English Books
Classification part 921
Call number suffix CHA
Holdings
Withdrawn status Lost status Not for loan Collection code Home library Current library Date acquired Source of acquisition Cost, normal purchase price Full call number Barcode Copy number Cost, replacement price Koha item type
      Non-fiction Kadipur Kadipur 06/01/2025 DBAD 650.00 921 CHA EN-126689 1 650.00 English Books

© Delhi Public Library
Hit Counter
free hit counter